Truyền thông trực tuyến & sự phát triển của doanh nghiệp

Cung cấp một số gợi ý, trong định hướng phát triển hình ảnh, thương hiệu, tiếp thị của doanh nghiệp cùng truyền thông trực tuyến

Bewaard in:
Bibliografische gegevens
Hoofdauteur: Lan Hương
Formaat: Boek
Taal:Undetermined
Gepubliceerd in: Hà Nội Nxb. Đại học Kinh tế Quốc dân 2013
Onderwerpen:
Tags: Voeg label toe
Geen labels, Wees de eerste die dit record labelt!
Thư viện lưu trữ: Trung tâm Học liệu Trường Đại học Cần Thơ
LEADER 00839nam a2200205Ia 4500
001 CTU_202710
008 210402s9999 xx 000 0 und d
020 |c 66000 
082 |a 658.872 
082 |b L105 
100 |a Lan Hương 
245 0 |a Truyền thông trực tuyến & sự phát triển của doanh nghiệp 
245 0 |c Lan Hương 
260 |a Hà Nội 
260 |b Nxb. Đại học Kinh tế Quốc dân 
260 |c 2013 
520 |a Cung cấp một số gợi ý, trong định hướng phát triển hình ảnh, thương hiệu, tiếp thị của doanh nghiệp cùng truyền thông trực tuyến 
650 |a Thương mại điện tử,Electronic commerce 
904 |i Nguyên 
980 |a Trung tâm Học liệu Trường Đại học Cần Thơ